• 首页
  • 本馆介绍
  • 公告通知
  • 最新文献
  • 馆藏检索
  • 电子资源
  • 读者导购
  • 参考咨询
  • 我的图书馆
  • 登录
  • 详细信息显示
  • 放入我的书架
  • 预约/预借图书
  • 作者相关作品
  • 分类相关作品
  • 丛书相关作品
  • 出版社相关作品

书目信息

  • 表格格式
  • 工作单格式
  • 卡片格式
题名:
音响元器件检测·修复·代换
    
 
作者: 楼铁军 编
分册:  
出版信息: 福州   福建科学技术出版社  
页数: 14,457页
开本: 26cm
丛书名:
单 册:
中图分类: TN912.29
科图分类:
主题词: 音频设备-电器元件--检修 , 电器元件-音频设备--检修
电子资源:
ISBN: 7-5335-0687-1
000 00774nnam 2200241 45
001 0196002155
005 20070926145021.64
010    @a7-5335-0687-1@dCNY16.60
100    @a19950611e1995 em y0chiy0121 ea
101 0  @achi
102    @aCN@b350000
105    @ay z 000yy
200 10 @a音响元器件检测·修复·代换@AYIN XIANG YUAN QI JIAN JIAN CE · XIU FU · DAI HUAN@f楼铁军编@FLOU TIE JUN BIAN
210    @a福州@c福建科学技术出版社@h1995重印
215    @a14,457页@d26cm
304    @a楼铁军(1953~ ),南昌铁路局电视队修理员
540 1  @a音响 元器件@AYIN XIANG YUAN QI JIAN
606    @a音频设备-电器元件@x检修
606    @a电器元件-音频设备@x检修
690    @aTN912.29
701  0 @a楼铁军@ALOU TIE JUN@4编
801  0 @aCN@bTSSF@c20070926
905    @a10447@dTN912.29@e70
    
    音响元器件检测·修复·代换/楼铁军编.-福州:福建科学技术出版社(1995重印)
    14,457页;26cm
    
    
    ISBN 7-5335-0687-1:CNY16.60
    
●
相关链接 在E读中查询图书 在五车中查询图书 在当当中查询图书 在豆瓣中查询图书


正题名:音响元器件检测·修复·代换     索取号:TN912.29/70         预约/预借

序号 登录号 条形码 馆藏地/架位号 状态 备注
1 0609824   206098248   第二样本阅览室/ [索取号:TN912.29/70] 在馆    
唐山师范学院图书馆 欢迎您!
大连网信软件有限公司© 版权所有